| 000 | 00776nam a22002297a 4500 | ||
|---|---|---|---|
| 999 |
_c69 _d69 |
||
| 003 | AR-CdUCM | ||
| 008 | 190221b ||||| |||| 00| 0 spa d | ||
| 040 |
_aMUNICIPALIDAD PROVINCIAL DEL CUSCO _cBIBLIOTECA MUNICIPAL DEL CUSCO |
||
| 082 |
_a869.56 / _bP14 |
||
| 100 |
_aPadilla Chalco, Feliciano _9334 |
||
| 245 | _aDos Narraciones en Busca del Tiempo Perdido : | ||
| 260 |
_aArequipa : _bMundo, _c1990. |
||
| 300 |
_a79 paginas _c20 cm |
||
| 505 | _aLa agonia de u viejo qolla -- El sueño inconcluso -- los pajaros del negro Manuel -- La tierra que el tiempo olvido... | ||
| 650 |
_aCuentos _9312 |
||
| 650 |
_aSueños _9335 |
||
| 650 |
_aOlvido _9336 |
||
| 650 |
_aTierra _9337 |
||
| 700 |
_aFlórez Áybar, Jorge _9338 |
||
| 942 |
_2ddc _cLIBROS |
||
| 945 |
_awnts _d2019-02-21 |
||